000 00638nam a2200205 a 4500
001 000032049
003 OSt
005 20201106111046.0
008 110712s1958 dr r 000 0 spa d
040 _aDO-SdBNP
_bspa
_cBNPHU
082 4 _a320.532
_bA473a
_222
100 1 _aAlvarez Sánchez, C. Virgilio
_958179
245 1 0 _aAlrededor y en contra del comunismo /
_cC. Virgilio Alvarez Sánchez.
260 _a[Ciudad Trujillo ] República: Dominicana :
_b[s.n.],
_c1958.
300 _a31 p. ;
_c21 cm.
590 _aInventariado, 2019/BT
650 4 _aComunismo
_92880
910 _aValidado. Control de calidad MFF
942 _2ddc
_cLBS1
999 _c31540
_d31540